[Event "Catalunya-ch U12"]
[Site "Sabadell"]
[Date "2010.01.23"]
[Round "2.7"]
[White "Cases Sorribes, Alex"]
[Black "Del Peral Arcos, Juan"]
[Result "1-0"]
[WhiteElo "1705"]
[BlackElo "1700"]
[PlyCount "117"]
[EventDate "2010.01.16"]
[EventType "swiss"]
[EventRounds "6"]
[EventCountry "ESP"]
[SourceTitle "EXT 2024"]
[Source "ChessBase"]
[SourceDate "2023.10.10"]
[SourceVersion "1"]
[SourceVersionDate "2023.10.10"]
[SourceQuality "1"]

1. e4 e6 2. Nc3 Nf6 3. e5 Nd5 4. Nxd5 exd5 5. Nf3 d6 6. exd6 cxd6 7. Bb5+ Bd7 8. Qe2+ Be7 9. 0-0 0-0 10. a4 a6 11. Bd3 Nc6 12. b4 Nxb4 13. Rb1 Nxd3 14. Qxd3 Bg4 15. Rxb7 Rb8 16. Ra7 Bxf3 17. gxf3 Rb1 18. Qe3 Bg5 19. f4 Bf6 20. Rxa6 Bb2 21. Rb6 Rxc1 22. Rxb2 Rxf1+ 23. Kxf1 Qe8 24. Qxe8 Rxe8 25. a5 h6 26. a6 Ra8 27. Ra2 Ra7 28. Ra5 g5 29. f5 Kg7 30. Rxd5 Rd7 31. c4 h5 32. c5 Kf8 33. cxd6 f6 34. a7 Rd8 35. d7 Ke7 36. a8Q Rxa8 37. Kg2 Rd8 38. Kh3 Rxd7 39. Rxd7+ Kxd7 40. f3 Ke7 41. d4 Kd6 42. Kg3 Kd5 43. h4 g4 44. fxg4 hxg4 45. h5 Kxd4 46. h6 Ke4 47. Kxg4 Ke5 48. h7 Ke4 49. h8Q Ke5 50. Qe8+ Kd6 51. Qf7 Ke5 52. Qc7+ Kd5 53. Kf4 Kd4 54. Qc6 Kd3 55. Qc5 Ke2 56. Qc2+ Ke1 57. Ke3 Kf1 58. Qd2 Kg1 59. Kf3 1-0

[Event "Catalunya-ch U12"]
[Site "Sabadell"]
[Date "2010.01.16"]
[Round "1.14"]
[White "Del Peral Arcos, Juan"]
[Black "Moreno Serrano, Manel II"]
[Result "1-0"]
[WhiteElo "1700"]
[BlackElo "1700"]
[PlyCount "68"]
[EventDate "2010.01.16"]
[EventType "swiss"]
[EventRounds "6"]
[EventCountry "ESP"]
[SourceTitle "EXT 2024"]
[Source "ChessBase"]
[SourceDate "2023.10.10"]
[SourceVersion "1"]
[SourceVersionDate "2023.10.10"]
[SourceQuality "1"]

1. e4 e5 2. Bc4 Nc6 3. d3 Bc5 4. Qf3 Nf6 5. Bg5 Nd4 6. Qg3 Nxc2+ 7. Kd1 Nxa1 8. Qxe5+ Be7 9. Nf3 d6 10. Bb5+ Bd7 11. Qf4 Bxb5 12. Nd4 d5 13. Nxb5 c6 14. Nc7+ Kf8 15. Nxa8 Qxa8 16. Bxf6 Bxf6 17. e5 g5 18. Qxf6 Rg8 19. e6 Qe8 20. Re1 Rg7 21. exf7 Rxf7 22. Rxe8+ Kxe8 23. Qe6+ Kf8 24. Qc8+ Ke7 25. Qxb7+ Ke8 26. Qxc6+ Rd7 27. Nc3 h5 28. Nxd5 g4 29. Nf6+ Ke7 30. Nxd7 h4 31. Qh6 Kxd7 32. Qxh4 Kc6 33. Qxg4 a5 34. Qg5 Kb6 1-0